00963nam a22002537a 450000500170000001000150001702000260003203500140005803700090007208200160008110000350009724500610013225000060019326000410019927000880024030000270032870000380035570000360039370000330042970000380046294200270050099900190052795201630054620260116122005.0 aENG-147509 a9789367139288c825.00 aEN-131041 bDBAD a570.246221 aBhattacharya, Debasmita986499 aBiology for Engineers/cDebasmita Bhattacharya...[et.al] a1 aNoidabPearson India Educationc2026 a15th Floor, Towe-B, World Trade Tower, Plot No.1, Block-C, Sector-16bNoidae201301 a540p.c23cm(pb)bIndex aMukherjee, RuchiraeAuthor986497 aLahiri, DibyajiteAuthor986500 aNag, MoupriyaeAuthor986501 aBanerjee, SubhamoyeAuthor986498 2ddccENh570.2462mBHA c214220d214220 001040708NFICaRC3ANbRC3ANd2026-01-16eDelivery of Books Act Divisiong825.00l0o570.2462 BHApEN-131041r2026-01-16 00:00:00t1v825.00w2026-01-16yEN